La novela intelectual de Ramón Pérez de Ayala

保存先:
書誌詳細
第一著者: Amorós, Andrés
フォーマット: 図書
言語:Undetermined
出版事項: Madrid, España Gredos 1972
主題:
タグ: タグ追加
タグなし, このレコードへの初めてのタグを付けませんか!

MARC

LEADER 00000nam a2200000Ia 4500
008 170316s9999 xx 000 0 und d
090 |a 801 A-21n 
100 |a Amorós, Andrés 
245 |a La novela intelectual de Ramón Pérez de Ayala 
260 |a Madrid, España 
260 |b Gredos 
260 |c 1972 
300 |a 499 páginas 
650 |a TEORÍA LITERARIA 
650 |a LITERATURA ESPAÑOLA 
650 |a RAMÓN PEREZ DE AYALA 
650 |a HISTORIA 
650 |a CRÍTICA 
999 |c 20023  |d 20023 
040 |a cru BVZT 
942 |c 15 D  |h 801 A-21n  |2 z